Biggest Six Letter US Cities - Statistics

General Stats
  • This quiz has been taken 245 times
    169 since last reset
  • The average score is 12 of 22
Answer Stats
State Population City % Correct
Texas 947,890 Austin
97%
Massachusetts 673,184 Boston
97%
Texas 1,317,929 Dallas
97%
Colorado 693,060 Denver
94%
Arizona 530,706 Tucson
79%
California 522,053 Fresno
69%
New Jersey 281,764 Newark
69%
Ohio 278,508 Toledo
63%
North Carolina 272,739 Durham
62%
Alabama 192,904 Mobile
62%
Colorado 361,710 Aurora
61%
Illinois 201,110 Aurora
61%
Oregon 166,575 Eugene
58%
Washington 211,277 Tacoma
54%
California 266,122 Irvine
39%
Texas 257,156 Laredo
38%
Texas 238,239 Irving
31%
Arizona 164,173 Peoria
23%
California 207,906 Oxnard
22%
Texas 163,656 Frisco
20%
California 166,785 Corona
14%
California 152,594 Pomona
10%
No matching quizzes found
Score Distribution
Percent of People with Each Score
Percentile by Number Answered
Your Score History
You have not taken this quiz since the last reset